50 Biggest Cities of the Gambia on a Map - Statistics

General Stats
  • This quiz has been taken 7 times
  • The average score is 19 of 50
Answers on the Map
Answers color-coded by a green-red scale on the quiz's map according to % correct below.
 
Answer Stats
Population City % Correct
31,054 Banjul
100%
25,265 Bakau New Town
80%
7,938 Bansang
80%
11,354 Basse Santa Su
80%
81,007 Brikama
80%
27,396 Farafenni
80%
18,946 Gunjur
80%
12,672 Soma
80%
23,048 Brufut
60%
7,526 Kerewan
60%
16,358 Kotu
60%
23,744 Lamin
60%
18,601 Manjai Kunda
60%
12,572 Sanyang
60%
47,048 Sukuta
60%
10,035 Yundum Koto
60%
55,360 Bundung
40%
24,018 Busumbala
40%
22,789 Ebo Town
40%
9,796 Essau
40%
38,121 Faji Kunda
40%
12,511 Farato
40%
6,783 Jalambang
40%
19,765 Latri Kunda
40%
8,559 Mandinari
40%
28,651 Nema Kunku
40%
19,944 Sere Kunda
40%
14,531 Tanji
40%
23,208 Wellingara
40%
16,924 Bakoteh
20%
6,858 Bijilo
20%
11,140 Gambissara
20%
8,787 Garowol
20%
14,296 Kanifeng
20%
7,633 Kembujeh
20%
7,257 Kololi
20%
7,552 Old Jeshwang
20%
20,904 Sanchaba
20%
16,394 Sinchu Alagi
20%
7,387 Tujereng
20%
15,811 Abuko
0%
17,654 Dippa Kunda
0%
8,300 Jamisa
0%
9,601 Kerr Sering Njaga
0%
19,998 Kunkujang Keita
0%
15,619 Latri Kunda Sabiji
0%
17,394 New Jeshwang
0%
6,672 Sinchu Balia
0%
40,562 Talinding
0%
10,966 Yundum Kuta
0%
No matching quizzes found
Score Distribution
Percent of People with Each Score
Percentile by Number Answered
Your Score History
You have not taken this quiz